00677nam a2200205Ia 4500003000900000008004100009020001800050040001600068080002300084110004100107245008800148260003500236300001700271650004100288650001200329650000900341942000700350999001500357952009900372IN-BaIIA211028s9999 xx 000 0 eng d a0-08-026314-3 cIIA Library a063:523.34b11LC-2 aLunar and Planetary Institute910749 0aMeteorite and Regolith StudiescLunar and Planetary Institute  aNew YorkbPergamon Pressc1980 ax, 839-1776p aAstronomy and Astrophysics Thesaurus aGeology aMoon cBK c7016d7016 00104070aBANbBANcGENd1982-02-16l0o063:523.34/ 11LC-2p7792r2021-11-05w1982-02-16yBK